01846nam a2200373Ia 4500001001200000003000800012006001900020007001500039008004100054020001800095020001800113020001500131040002100146035002100167050002600188245041000214246005100624246005300675260006300728300002300791504005300814533015200867650004001019650004201059650003901101655002901140700002101169710001701190710004301207710003801250710004101288856012601329999001701455ebr10556336CaPaEBRm u cr cn|||||||||110509s2011 vaua sb 101 0 eng d z9780784411421 z9780784476529 z0784411425 aCaPaEBRcCaPaEBR a(OCoLC)72135547514aTA664b.C63732 2011eb00aComposite construction in steel and concrete VIh[electronic resource] :bproceedings of the 2008 Composite Construction in Steel and Concrete Conference VI, July 20-24, 2008 [Devil's Thumb Ranch] Tabernash, Colorado /c[sponsored by Engineering Conferences International and the Structural Engineering Institute (SEI) of the American Society of Civil Engineers] ; edited by Roberto T. Leon ... [et al.].3 aComposite construction in steel and concrete 63 aComposite construction in steel and concrete six aReston, VA :bAmerican Society of Civil Engineers,cc2011. axi, 777 p. :bill. aIncludes bibliographical references and indexes. aElectronic reproduction.bPalo Alto, Calif. :cebrary,d2011.nAvailable via World Wide Web.nAccess may be limited to ebrary affiliated libraries. 0aComposite constructionvCongresses. 0aBuilding, Iron and steelvCongresses. 0aConcrete constructionvCongresses. 7aElectronic books.2local1 aLeon, Roberto T.2 aebrary, Inc.2 aEngineering Conferences International.2 aStructural Engineering Institute.2 aAmerican Society of Civil Engineers.40uhttp://site.ebrary.com/lib/rucke/Doc?id=10556336zAn electronic book accessible through the World Wide Web; click to view c89278d89278